书目信息 |
| 题名: |
中国艺术品收藏鉴赏图录
|
|
| 作者: | 姜颂鹏 主编 | |
| 分册: | ||
| 出版信息: | 苏州 古吴轩出版社 2006 |
|
| 页数: | 158页 | |
| 开本: | 21cm | |
| 丛书名: | ||
| 单 册: | ||
| 中图分类: | G894-64 , K870.2 | |
| 科图分类: | ||
| 主题词: | 艺术--作品--鉴赏--中国--图录 , 古玩--鉴赏--中国--图录 , 艺术--作品--收藏--中国--图录 , 作品 , 收藏 , 艺术 , 古玩 , 鉴赏 | |
| 电子资源: | ||
| ISBN: | 7-80733-088-0 | |
| 000 | 01073nam0 2200349 450 | |
| 000 | 01077nam0 2200349 450 | |
| 000 | 01007nam0 2200325 450 | |
| 000 | 00971nam0 2200313 45 | |
| 005 | 20070516174207.29 | |
| 010 | @a7-80733-088-0@dCNY40.00(全八册320.00) | |
| 100 | @a20070322d2006 em y0chiy0120 ea | |
| 101 | 0 | @achi |
| 102 | @aCN@b320000 | |
| 105 | @aa z 000yy | |
| 200 | 1 | @a中国艺术品收藏鉴赏图录@AZhong Guo Yi Shu Pin Shou Cang Jian Shang Tu Lu@e杂项@EZa Xiang@f姜颂鹏主编 @FJiang Song Peng Zhu Bian |
| 210 | @a苏州@c古吴轩出版社@d2006 | |
| 215 | @a158页@c彩图@d21cm | |
| 330 | @a本书中所展示的是中国艺术品收藏鉴赏图录中杂项的。 | |
| 517 | 1 | @a杂项@AZa Xiang |
| 606 | 0 | @a艺术@x作品@x鉴赏@y中国@x图录 |
| 606 | 0 | @a古玩@x鉴赏@y中国@x图录 |
| 606 | 0 | @a艺术@x作品@x收藏@y中国@x图录 |
| 606 | 0 | @a作品 |
| 606 | 0 | @a收藏 |
| 606 | 0 | @a艺术 |
| 606 | 0 | @a古玩 |
| 606 | 0 | @a鉴赏 |
| 690 | @aG894-64@v4 | |
| 690 | @aK870.2@v4 | |
| 701 | 0 | @a姜颂鹏@AJiang Song Peng@4主编 |
| 801 | 0 | @aCN@bTAOJIN@c20070516 |
| 905 | @a10447@dG894-64@e254:7 | |
| 中国艺术品收藏鉴赏图录:杂项/姜颂鹏主编 .-苏州:古吴轩出版社,2006 |
| 158页:彩图;21cm |
| ISBN 7-80733-088-0:CNY40.00(全八册320.00) |
| 本书中所展示的是中国艺术品收藏鉴赏图录中杂项的。 |
| ● |
| 相关链接 |
|
|
|
|
正题名:中国艺术品收藏鉴赏图录
索取号:G894-64/254:7
 
预约/预借
| 序号 | 登录号 | 条形码 | 馆藏地/架位号 | 状态 | 备注 |
| 1 | 0520863 | 205208639 | 第一样本阅览室/ [索取号:G894-64/254:7] | 在馆 | |
| 2 | 0520864 | 205208648 | 第四借阅区/ [索取号:G894-64/254:7] | 在馆 | |
| 3 | 0520865 | 205208657 | 第四借阅区/ [索取号:G894-64/254:7] | 在馆 | |
| 4 | 0520866 | 205208666 | 第四借阅区/ [索取号:G894-64/254:7] | 在馆 | |
| 5 | 0520867 | 205208675 | 第四借阅区/ [索取号:G894-64/254:7] | 在馆 |